Southville International School and Colleges
Your cart is empty.
  • Cart
  • Lists
    Public lists Eva Luna New books Lux_list list_1
    Your lists Log in to create your own lists
  • Log in to your account
  • Your cookies
  • Search history
Southville International School and Colleges
  • Advanced search
  • Recent comments
  • Most popular
  • Libraries

Log in to your account

Log in with GOOGLE


If you do not have an external account, but do have a local account, you can still log in:

  1. Home
  2. MARC view: How to get ideas /
Normal view MARC view ISBD view

How to get ideas / (Record no. 283314)

[ view plain ]
MARC details
000 -LEADER
fixed length control field 00453nam a2200157Ia 4500
008 - FIXED-LENGTH DATA ELEMENTS--GENERAL INFORMATION
fixed length control field 150223s9999 xx 000 0 und d
020 ## - INTERNATIONAL STANDARD BOOK NUMBER
International Standard Book Number 9781576754306
050 ## - LIBRARY OF CONGRESS CALL NUMBER
Classification number PN 147
Item number .F66 2006
100 ## - MAIN ENTRY--PERSONAL NAME
Personal name Foster, Jack.
245 ## - TITLE STATEMENT
Title How to get ideas /
Statement of responsibility, etc Jack Foster.
250 ## - EDITION STATEMENT
Edition statement 2nd Ed.
260 ## - PUBLICATION, DISTRIBUTION, ETC. (IMPRINT)
Place of publication, distribution, etc Philippines :
Name of publisher, distributor, etc Berret-Koehler Publishers, Inc.,
Date of publication, distribution, etc 2006
300 ## - PHYSICAL DESCRIPTION
Extent 214 pages :
Other physical details Illustration ;
Dimensions 22 cm.
504 ## - BIBLIOGRAPHY, ETC. NOTE
Bibliography, etc Includes Index.
650 ## - SUBJECT ADDED ENTRY--TOPICAL TERM
Topical term or geographic name as entry element Ideas

No items available.

How to get ideas /

APA

Foster J., . (2006). How to get ideas. Philippines: Berret-Koehler Publishers, Inc.

Chicago

Foster Jack, . 2006. How to get ideas. Philippines: Berret-Koehler Publishers, Inc.

Harvard

Foster J., . (2006). How to get ideas. Philippines: Berret-Koehler Publishers, Inc.

MLA

Foster Jack, . How to get ideas. Philippines: Berret-Koehler Publishers, Inc. 2006.

  • Print
  • Cite
  • Add to your cart (remove)
  • Save record
    BIBTEX Dublin Core MARCXML MARC (non-Unicode/MARC-8) MARC (Unicode/UTF-8) MARC (Unicode/UTF-8, Standard) MODS (XML) RIS
  • More searches
    Search for this title in:
    Other Libraries (WorldCat) Other Databases (Google Scholar) Online Stores (Bookfinder.com) Open Library (openlibrary.org)

Exporting to Dublin Core...

SOUTHVILLE LIBRARY

Southville International School and Colleges Library

1281 Tropical Ave. Cor. Luxembourg St., BF Homes International, Las Pinas City

Tel. No. 8256374 / 252358 Loc. 117/146

Powered by Koha